00286nam a22000857a 4500082002000000100002500020245011600045260002900161300001000190 aTNC T111 H617/7 aHirschman, Albert O. aThe passions and the interests :bPolitical arguments for capitalism before its Triumphcby Albert O. Hirschman aNew JerseybP.U.P.c1977 a153p.